| 000 | 02731nam2a22004211 4500 | ||
|---|---|---|---|
| 001 | v19\rc\1907622 | ||
| 005 | 20251118180543.1 | ||
| 035 | _a(NLR Aleph) 004996681 | ||
| 090 |
_a6343076 _c6343076 |
||
| 100 | _a20080404d1911 u y0rusy50 ca | ||
| 101 | 0 | _arus | |
| 102 | _aRU | ||
| 105 | _aa c ||||| | ||
| 200 | 1 | _aБолезни и их лечение | |
| 210 | _d[1911] | ||
| 215 |
_a768 стб. _cил. |
||
| 423 | 0 |
_11010#$arus _12001#$aВып. 2-4. Строительное дело и усадебные работы _tВып. 2-4. Строительное дело и усадебные работы |
|
| 423 | 0 |
_11010#$arus _12001#$aДомашнее устройство и домоводство _tДомашнее устройство и домоводство |
|
| 423 | 0 |
_11010#$arus _12001#$aЗанятия и ремесла _tЗанятия и ремесла |
|
| 423 | 0 |
_11010#$arus _12001#$aДоходные производства, кустарные промыслы и технические работы _tДоходные производства, кустарные промыслы и технические работы |
|
| 423 | 0 |
_11010#$arus _12001#$aСельское хозяйство _tСельское хозяйство |
|
| 423 | 0 |
_11010#$arus _12001#$aОбиходная рецептура _tОбиходная рецептура |
|
| 423 | 0 |
_11010#$arus _12001#$aЖивотноводство и ветеринария _tЖивотноводство и ветеринария |
|
| 423 | 0 |
_11010#$arus _12001#$aКоммерческие знания, юридическая практика, письмоводство _tКоммерческие знания, юридическая практика, письмоводство |
|
| 423 | 0 |
_11010#$arus _12001#$aАлфавитный предметный указатель к 1-му тому] _tАлфавитный предметный указатель к 1-му тому] |
|
| 461 | 0 |
_1001v19\rc\1907621 _12001#$aПрактическая энциклопедия$fПод общ. ред. В.В. Битнера. Т. 1-$vТ. 1. [Вып. 1 _96343071 _c[Санкт-Петербург] _d[1911]-[1913] _fПод общ. ред. В.В. Битнера. Т. 1- _nВестн. знания _tПрактическая энциклопедия _vТ. 1. [Вып. 1 |
|
| 517 | 0 | _aСтроительное дело и усадебные работы | |
| 700 | 1 |
_aПайн _bА. |
|
| 801 | 0 |
_aRU _bNLR _gpsbo |
|
| 801 | 0 |
_aRU _bRuMoRGB _2psbo |
|
| 801 | 1 |
_aRU _bProSoft-M _2rusmarc |
|
| 852 |
_aNLR _j38.63.3.65 |
||
| 899 |
_aRuMoRGB _jT 1/762 |
||
| 899 |
_aRuMoRGB _jV 209/171 |
||
| 899 |
_aRuMoRGB _jРб 29/32 |
||
| 899 | _aБАН | ||
| 942 | _cBOOK | ||
| 980 | _aNB | ||